[Event "TURNIEJ O PUCHAR UKS PALAC MLODZIEZY KATOWICE Z OKAZJI DNIA NIEPODLEGLOSCI"]
[Site "Centrum Kongresow i Rekreacji Orle Gniazdo ul. Wrzosowa 28a, Szczyrk"]
[Date "1899-12-30"]
[Round "4.28"]
[White "Wasala, Wiktoria"]
[Black "Dyrda, Jakub"]
[Result "0-1"]
[WhiteTitle "I"]
[BlackTitle "II"]
[WhiteElo "1271"]
[BlackElo "1575"]

1. e4 g6 2. d4 Bg7 3. Nf3 d6 4. Nc3 a6 5. Be3 b5 6. Bd3 Bb7 7. O-O Nd7 8. Qe2 Ngf6
9. e5 Bxf3 10. Qxf3 dxe5 11. dxe5 Nxe5 12. Qe2 Nxd3 13. Qxd3 Qxd3 14. cxd3 O-O
15. Rac1 Rfd8 16. d4 Rac8 17. Ne2 Nd5 18. a3 Nb6 19. Rfd1 Nc4 20. g3 Nxb2 21.
Rd2 Nc4 22. Rdc2 Rd7 23. Rc3 Kf8 24. Kg2 e5 25. dxe5 Bxe5 26. Bc5+ Kg7 27. Rf3
Bb2 28. Rc2 Be5 29. Rc1 Rd5 30. Bb4 c5 31. Be1 Bb2 32. Rc2 Bf6 33. Rc1 Ne5 34.
Rfc3 Nd3 0-1

[Event "TURNIEJ O PUCHAR UKS PALAC MLODZIEZY KATOWICE Z OKAZJI DNIA NIEPODLEGLOSCI"]
[Site "Centrum Kongresow i Rekreacji Orle Gniazdo ul. Wrzosowa 28a, Szczyrk"]
[Date "1899-12-30"]
[Round "4.29"]
[White "Laszczuk, Zuzanna"]
[Black "Jurkiewicz, Zuzanna"]
[Result "0-1"]
[WhiteTitle "I"]
[BlackTitle "I+"]
[WhiteElo "1229"]
[BlackElo "1551"]

1. e4 e5 2. Nc3 Nf6 3. g3 Nc6 4. Bg2 Bc5 5. d3 h6 6. f4 exf4 7. Bxf4 d6 8. Nf3
Bg4 9. h3 Be6 10. d4 Bb6 11. d5 Bxd5 12. exd5 Ne7 13. Qd2 Qd7 14. a3 O-O-O 15.
O-O-O Kb8 16. Be3 Bxe3 17. Qxe3 Nf5 18. Qf2 Rhe8 19. g4 Ne3 20. Rd4 Nxg2 21. Ra4
a6 22. Qxg2 Nxd5 23. Ra5 Nxc3 24. bxc3 Qc6 25. Rf5 Qxc3 26. Rxf7 Qxa3+ 27. Kd1
Qa1+ 28. Kd2 Qa5+ 29. Kd1 Qd5+ 30. Kc1 Qxf7 31. Rd1 Qf4+ 32. Kb1 Qb4+ 33. Kc1
Qa3+ 34. Kb1 Re4 35. Nd2 Qb4+ 36. Nb3 Rde8 37. Qf3 Re1 38. Rxe1 Rxe1+ 39. Ka2
Qa4+ 40. Kb2 Re8 41. Qf7 g5 42. Qh7 Qe4 43. Qxh6 Qe5+ 44. Ka2 a5 45. Qg6 a4 46.
Nd2 Qd5+ 47. Kb2 Re2 48. Nb1 Qb5+ 49. Ka1 Qe5+ 50. Ka2 Qe6+ 51. Qxe6 Rxe6 52.
Nc3 Re3 53. Nxa4 Rxh3 54. Kb2 Rg3 55. Nc3 Rxg4 56. Kb3 Rg3 57. Kb2 Rxc3 58. Kxc3
Kc8 59. Kd3 Kd7 60. Ke4 c6 61. Kf5 d5 62. Kf4 b5+ 63. Ke3 0-1

[Event "TURNIEJ O PUCHAR UKS PALAC MLODZIEZY KATOWICE Z OKAZJI DNIA NIEPODLEGLOSCI"]
[Site "Centrum Kongresow i Rekreacji Orle Gniazdo ul. Wrzosowa 28a, Szczyrk"]
[Date "1899-12-30"]
[Round "4.30"]
[White "Smuda, Tomasz"]
[Black "Pedrak, Paulina"]
[Result "0-1"]
[WhiteTitle "III"]
[BlackTitle "I"]
[WhiteElo "1213"]
[BlackElo "1497"]

1. e4 c5 2. Nf3 e6 3. Nc3 a6 4. d4 cxd4 5. Nxd4 Qc7 6. Be3 Nf6 7. Bd3 Bb4 8. Qd2
d5 9. a3 Bxc3 10. Qxc3 Qxc3+ 11. bxc3 dxe4 12. Be2 Nd5 13. Bd2 O-O 14. O-O Nd7
15. f3 e3 16. Be1 Nc5 17. c4 Nf4 18. Bg3 e5 19. Nb3 Nxe2+ 20. Kh1 Nxb3 21. cxb3
Nxg3+ 22. hxg3 Bf5 23. Rfe1 Rad8 24. Rxe3 f6 25. g4 Bg6 26. Rae1 Rd2 27. Kg1 Rfd8
28. R3e2 Rxe2 29. Rxe2 Rd1+ 30. Kf2 Ra1 31. a4 Rb1 32. Rd2 Rxb3 33. c5 e4 34.
fxe4 Bxe4 35. g3 Bc6 36. Rd8+ Kf7 37. Rd2 Bxa4 38. Ra2 Bc6 39. Rd2 Rc3 40. g5
Rxc5 41. gxf6 Kxf6 42. g4 Rd5 43. Rc2 Kg5 44. Ke3 Kxg4 45. Rc4+ Kg5 46. Rf4 Re5+
47. Kd4 Kxf4 48. Kc3 b5 49. Kb4 Re4+ 50. Ka5 b4 51. Kb6 b3 52. Kxc6 b2 53. Kd5
b1=Q 54. Kd6 Qd3+ 55. Kc5 Qc4+ 56. Kb6 Qb5+ 57. Ka7 Re7+ 0-1

[Event "TURNIEJ O PUCHAR UKS PALAC MLODZIEZY KATOWICE Z OKAZJI DNIA NIEPODLEGLOSCI"]
[Site "Centrum Kongresow i Rekreacji Orle Gniazdo ul. Wrzosowa 28a, Szczyrk"]
[Date "1899-12-30"]
[Round "4.31"]
[White "Socha, Krzysztof"]
[Black "Golinski, Kacper"]
[Result "0-1"]
[WhiteTitle "II+"]
[BlackTitle "II"]
[WhiteElo "1468"]
[BlackElo "1300"]

1. e4 e5 2. f4 exf4 3. Nf3 Bc5 4. d4 Bb6 5. Bxf4 d6 6. c3 Nf6 7. Bd3 Bg4 8. h3
Bh5 9. Bg5 Qd7 10. Bxf6 gxf6 11. Be2 Nc6 12. Nh4 Bg6 13. Bg4 Qe7 14. Nf5 Bxf5
15. Bxf5 Rg8 16. g4 h5 17. Qe2 hxg4 18. hxg4 Nb8 19. Nd2 Nd7 20. O-O-O O-O-O 21.
Rh7 Kb8 22. Rdh1 Nf8 23. Rh8 Ng6 24. R8h7 Nf4 25. Qf3 Ng6 26. Bxg6 Rxg6 27. R1h6
Rxh6 28. Rxh6 Rg8 29. Rxf6 a6 30. Rxf7 Qe8 0-1

[Event "TURNIEJ O PUCHAR UKS PALAC MLODZIEZY KATOWICE Z OKAZJI DNIA NIEPODLEGLOSCI"]
[Site "Centrum Kongresow i Rekreacji Orle Gniazdo ul. Wrzosowa 28a, Szczyrk"]
[Date "1899-12-30"]
[Round "4.32"]
[White "Marcinkowski, Jan"]
[Black "Burzak, Wojciech"]
[Result "0-1"]
[WhiteTitle "II"]
[BlackTitle "I"]
[WhiteElo "1155"]
[BlackElo "1435"]

1. e4 e5 2. Nf3 Nc6 3. Bc4 Bc5 4. c3 Nf6 5. d4 exd4 6. cxd4 Bb4+ 7. Bd2 Bxd2+ 8.
Nbxd2 d5 9. exd5 Nxd5 10. Qb3 Nce7 11. O-O O-O 12. Rfe1 Nb6 13. Bd3 Ned5 14. Nc4
Be6 15. Nxb6 Nxb6 16. Qc2 c6 17. Bf5 Bxf5 18. Qxf5 Re8 19. h3 Qd6 20. Qc5 Qxc5
21. dxc5 Nd5 22. a3 f6 23. b4 Kf7 24. Kf1 Rxe1+ 25. Rxe1 Re8 26. Rxe8 Kxe8 27.
Nd4 Kd7 28. Ke2 Nf4+ 29. Kf3 Nd3 30. Nf5 g6 31. Nd6 b6 32. Ke3 bxc5 33. Kxd3 Kxd6
34. bxc5+ Kxc5 35. Kc3 a6 36. g3 h6 37. f3 f5 38. h4 a5 39. a4 g5 40. h5 g4 41.
f4 Kd5 42. Kd3 c5 43. Kc3 c4 44. Kd2 Kd4 45. Kc2 c3 46. Kd1 Kd3 47. Kc1 c2 48.
Kb2 Kd2 49. Kb3 c1=Q 50. Ka2 Qc3 51. Kb1 Qb4+ 52. Ka1 Kc2 53. Ka2 Qb2# 0-1

[Event "TURNIEJ O PUCHAR UKS PALAC MLODZIEZY KATOWICE Z OKAZJI DNIA NIEPODLEGLOSCI"]
[Site "Centrum Kongresow i Rekreacji Orle Gniazdo ul. Wrzosowa 28a, Szczyrk"]
[Date "1899-12-30"]
[Round "4.33"]
[White "Dzwierzynski, Bartosz"]
[Black "Kietrys, Maciej"]
[Result "1-0"]
[WhiteTitle "II"]
[BlackTitle "II"]
[WhiteElo "1435"]
[BlackElo "1285"]

1. d4 d5 2. c3 Nf6 3. e3 e6 4. Bd3 c5 5. f4 c4 6. Bc2 Nc6 7. Nf3 b5 8. O-O b4 9.
Ne5 Qc7 10. Bd2 a5 11. Be1 Be7 12. Qf3 Ba6 13. a3 b3 14. Bd1 a4 15. Qh3 Ne4 16.
Nd2 Nxd2 17. Bxd2 O-O-O 18. Nxf7 Qd7 19. Nxh8 Rxh8 20. Bg4 Nd8 21. f5 Kb7 22.
fxe6 Qc6 23. Rae1 h6 24. e4 dxe4 25. Rxe4 Rf8 26. Rxf8 Bxf8 27. Re5 Qb6 28. e7
Bxe7 29. Rxe7+ Kb8 30. Bf4+ Ka8 31. Bf3+ Nb7 32. Re8+ 1-0

[Event "TURNIEJ O PUCHAR UKS PALAC MLODZIEZY KATOWICE Z OKAZJI DNIA NIEPODLEGLOSCI"]
[Site "Centrum Kongresow i Rekreacji Orle Gniazdo ul. Wrzosowa 28a, Szczyrk"]
[Date "1899-12-30"]
[Round "4.34"]
[White "Swider, Pawel"]
[Black "Bien, Hubert"]
[Result "1-0"]
[WhiteTitle "I"]
[BlackTitle "II"]
[WhiteElo "1429"]
[BlackElo "1267"]

1. d4 e6 2. c4 d5 3. Nf3 Nf6 4. e3 Be7 5. Nc3 b6 6. Bd3 Bb7 7. O-O Nbd7 8. a3 O-O
9. b4 Rc8 10. c5 bxc5 11. bxc5 Bc6 12. Rb1 Rb8 13. Bd2 Rxb1 14. Qxb1 Qb8 15. Bb5
Bxb5 16. Qxb5 Rc8 17. Rb1 c6 18. Qa5 Qa8 19. Na4 Rb8 20. Rxb8+ Qxb8 21. Qb4 Qxb4
22. axb4 Bd8 23. Be1 Kf8 24. Nd2 Ke7 25. f3 Ne8 26. Nb3 f6 27. Kf2 e5 28. Ke2
f5 29. Na5 Bxa5 30. bxa5 e4 31. Bg3 g6 32. fxe4 fxe4 33. Nc3 Ke6 34. Na2 Ndf6
35. Nb4 Kd7 36. Bb8 Nc7 37. Bxa7 Nb5 38. Bb8 h5 39. a6 Ne8 40. a7 Nec7 41. Na6
Nxa7 42. Bxc7 Nb5 43. Be5 Nc3+ 44. Ke1 Nb1 45. Nb4 Nc3 46. Na6 Na4 47. Nb8+ Nc3
1-0

[Event "TURNIEJ O PUCHAR UKS PALAC MLODZIEZY KATOWICE Z OKAZJI DNIA NIEPODLEGLOSCI"]
[Site "Centrum Kongresow i Rekreacji Orle Gniazdo ul. Wrzosowa 28a, Szczyrk"]
[Date "1899-12-30"]
[Round "4.35"]
[White "Jedras, Adrianna"]
[Black "Stochnialek, Dominika"]
[Result "0-1"]
[WhiteTitle "I"]
[BlackTitle "I"]
[WhiteElo "1101"]
[BlackElo "1424"]

1. e4 c5 2. Nf3 d6 3. d4 cxd4 4. Nxd4 Nf6 5. Nc3 g6 6. f3 Bg7 7. Be3 Nc6 8. Nxc6
bxc6 9. Bd3 O-O 10. Qd2 c5 11. O-O-O Rb8 12. g4 Qb6 13. b3 Bd7 14. Na4 Bxa4 15.
h4 h5 16. gxh5 Nxh5 17. f4 Bb5 18. Bxb5 Qxb5 19. f5 Qa6 20. a4 c4 21. Qe2 Ng3
22. Qxc4 Qxc4 23. bxc4 Nxh1 24. Rxh1 Rb4 25. Bxa7 Rxa4 26. Be3 Bc3 27. Kd1 Ra1+
28. Ke2 Rxh1 29. fxg6 fxg6 30. Bg5 Bf6 31. Bxf6 Rxf6 32. Kd3 Rxh4 33. Kd4 Re6
34. Kd5 Rexe4 35. Kc6 Rxc4+ 36. Kd7 e5 37. Kxd6 e4 38. Kd5 e3 39. Kd6 g5 40. Kd7
g4 41. Kd8 Rh7 42. Ke8 Rc8# 0-1

[Event "TURNIEJ O PUCHAR UKS PALAC MLODZIEZY KATOWICE Z OKAZJI DNIA NIEPODLEGLOSCI"]
[Site "Centrum Kongresow i Rekreacji Orle Gniazdo ul. Wrzosowa 28a, Szczyrk"]
[Date "1899-12-30"]
[Round "4.37"]
[White "Kosztyla, Mateusz"]
[Black "Bartkiewicz, Pawel"]
[Result "0-1"]
[WhiteTitle "II"]
[BlackTitle "I"]
[WhiteElo "1288"]
[BlackElo "1698"]

1. b4 e5 2. Bb2 Bxb4 3. Bxe5 Nf6 4. a3 Ba5 5. Nf3 Nc6 6. Bb2 O-O 7. e3 Re8 8. Nc3
d5 9. d4 Ne4 10. Nd2 Bxc3 11. Bxc3 Nxc3 12. Qf3 Nxd4 13. Qd1 Nxd1 14. Kxd1 Nc6
15. Bd3 Qf6 16. Rb1 Qxf2 17. Re1 Bg4+ 18. Be2 Rxe3 19. Nf3 Bxf3 20. gxf3 Rae8
0-1

[Event "TURNIEJ O PUCHAR UKS PALAC MLODZIEZY KATOWICE Z OKAZJI DNIA NIEPODLEGLOSCI"]
[Site "Centrum Kongresow i Rekreacji Orle Gniazdo ul. Wrzosowa 28a, Szczyrk"]
[Date "1899-12-30"]
[Round "4.38"]
[White "Koseski, Damian"]
[Black "Gazda, Dominik"]
[Result "1-0"]
[WhiteTitle "I"]
[BlackTitle "II+"]
[WhiteElo "1611"]
[BlackElo "1294"]

1. d4 d5 2. c4 e6 3. Nc3 Nf6 4. Bf4 Nbd7 5. e3 a6 6. Nf3 Be7 7. Qc2 b6 8. Rd1 O-O
9. cxd5 exd5 10. Ne5 Nxe5 11. dxe5 Nd7 12. Nxd5 Bb7 13. Bc4 Rc8 14. O-O b5 15.
Nxe7+ Qxe7 16. Bd3 h6 17. Be4 Bxe4 18. Qxe4 f6 19. Qd5+ Rf7 20. e6 Nb6 21. exf7+
Qxf7 22. Qxf7+ Kxf7 23. b3 c5 24. Rd6 Na8 25. Rxa6 c4 26. bxc4 bxc4 27. Rc1 c3
28. e4 g5 29. Be3 c2 30. f3 Ke7 31. Ra5 Kd6 32. Rd5+ Ke6 33. Rc5 Rd8 34. R5xc2
Rd3 35. Kf2 Kf7 36. a4 h5 37. a5 Rd6 38. Rc6 Rd7 39. a6 Ke8 40. Rc8+ Rd8 41. a7
Nb6 1-0

[Event "TURNIEJ O PUCHAR UKS PALAC MLODZIEZY KATOWICE Z OKAZJI DNIA NIEPODLEGLOSCI"]
[Site "Centrum Kongresow i Rekreacji Orle Gniazdo ul. Wrzosowa 28a, Szczyrk"]
[Date "1899-12-30"]
[Round "4.39"]
[White "Jarzebowski, Kacper"]
[Black "Zerebiec, Maurycy"]
[Result "1-0"]
[WhiteTitle "I+"]
[BlackTitle "II"]
[WhiteElo "1561"]
[BlackElo "1248"]

1. e4 e6 2. Nf3 d5 3. Nc3 d4 4. Ne2 c5 5. c3 Nc6 6. cxd4 cxd4 7. Qa4 Bc5 8. Qb5
Qb6 9. Ng3 Nge7 10. Qxb6 Bxb6 11. Bb5 Bd7 12. O-O O-O 13. d3 e5 14. Bd2 f6 15.
Bc4+ Kh8 16. a4 a6 17. b4 Ng6 18. Bd5 Rac8 19. Rfc1 Rfd8 20. b5 axb5 21. axb5
Na7 22. Bc4 Bc5 23. h4 Ra8 24. h5 Ne7 25. Ra5 Bb6 26. Ra2 Bc5 27. Rca1 Rac8 28.
Rxa7 Bxa7 29. Rxa7 Rb8 30. Bb4 Nc8 31. Ra2 Nb6 32. Ba5 Nc8 33. Bb4 Bg4 34. Nh4
1-0

[Event "TURNIEJ O PUCHAR UKS PALAC MLODZIEZY KATOWICE Z OKAZJI DNIA NIEPODLEGLOSCI"]
[Site "Centrum Kongresow i Rekreacji Orle Gniazdo ul. Wrzosowa 28a, Szczyrk"]
[Date "1899-12-30"]
[Round "4.40"]
[White "Guzik, Michal"]
[Black "Krzysztynska, Anna"]
[Result "0-1"]
[WhiteTitle "II"]
[BlackTitle "I"]
[WhiteElo "1298"]
[BlackElo "1487"]

1. e4 e5 2. Nf3 Nc6 3. Bb5 a6 4. Ba4 Nf6 5. O-O Be7 6. Nc3 b5 7. Bb3 O-O 8. d3
d6 9. Nd5 Bb7 10. Nxe7+ Qxe7 11. Bg5 h6 12. Bh4 Qd7 13. Bxf6 gxf6 14. Qd2 Kh7
15. Nh4 Ne7 16. f4 d5 17. fxe5 fxe5 18. exd5 Nxd5 19. Nf5 Qe6 20. Rae1 Rg8 21.
Rxe5 Qb6+ 22. Kh1 Nb4 23. Ne3 f6 24. Re7+ Kh8 25. Qc3 Rg6 26. Rxf6 Qxf6 27. Qxb4
Bxg2+ 28. Nxg2 Qf1# 0-1

[Event "TURNIEJ O PUCHAR UKS PALAC MLODZIEZY KATOWICE Z OKAZJI DNIA NIEPODLEGLOSCI"]
[Site "Centrum Kongresow i Rekreacji Orle Gniazdo ul. Wrzosowa 28a, Szczyrk"]
[Date "1899-12-30"]
[Round "4.41"]
[White "Kupiecki, Szymon"]
[Black "Choina, Jan"]
[Result "1-0"]
[WhiteTitle "II"]
[BlackTitle "II"]
[WhiteElo "1458"]
[BlackElo "1238"]

1. e4 c5 2. c4 d6 3. Nc3 Nf6 4. g3 g6 5. Bg2 Bg7 6. d3 O-O 7. Nge2 Nc6 8. O-O Bd7
9. h3 Qc8 10. Kh2 Ne5 11. f4 Nc6 12. g4 h5 13. g5 Nh7 14. Ng3 Nd4 15. Nce2 Nxe2
16. Nxe2 a6 17. Ng3 Rb8 18. f5 b5 19. Rb1 bxc4 20. dxc4 a5 21. b3 a4 22. Bb2 Bxb2
23. Rxb2 a3 24. Rd2 Kg7 25. Rdf2 Qc7 26. f6+ exf6 27. gxf6+ Kh8 28. Rd2 d5 29.
Rxd5 h4 30. Rxd7 Qxg3+ 31. Kh1 Ng5 32. Qd2 Nxh3 33. Qh6+ Kg8 34. Qg7# 1-0

[Event "TURNIEJ O PUCHAR UKS PALAC MLODZIEZY KATOWICE Z OKAZJI DNIA NIEPODLEGLOSCI"]
[Site "Centrum Kongresow i Rekreacji Orle Gniazdo ul. Wrzosowa 28a, Szczyrk"]
[Date "1899-12-30"]
[Round "4.42"]
[White "Skowron, Mateusz"]
[Black "Wawro, Kacper"]
[Result "1-0"]
[WhiteTitle "I"]
[BlackTitle "III"]
[WhiteElo "1448"]
[BlackElo "1223"]

1. e4 c5 2. Nc3 Nc6 3. f4 d6 4. Nf3 Bg4 5. Bb5 Qc7 6. d3 a6 7. Bxc6+ bxc6 8. O-O
Nf6 9. Qe1 e6 10. Qg3 Qb6 11. Kh1 Be7 12. Nd2 Bh5 13. Nc4 Qc7 14. e5 Nd5 15. Qxg7
O-O-O 16. Qh6 Bg6 17. Ne4 Bf8 18. Qh4 Be7 19. Qe1 Bxe4 20. dxe4 Nb4 21. exd6 Bxd6
22. e5 Be7 23. Qc3 Nd5 24. Qa3 Qb7 25. Be3 Nxe3 26. Qxe3 Rd4 27. b3 Rhd8 28. Qe2
Qb5 29. a4 Qb4 30. Rad1 Qb7 31. Qf3 Rxd1 32. Rxd1 Rxd1+ 33. Qxd1 Qd7 34. Qxd7+
Kxd7 35. Kg1 f6 36. Kf2 f5 37. h3 Bh4+ 38. Kf3 Be7 39. g4 fxg4+ 40. Kxg4 Ke8 41.
Kh5 Kf7 42. Na5 Bd8 43. Nxc6 Ba5 44. Nxa5 Ke8 1-0

[Event "TURNIEJ O PUCHAR UKS PALAC MLODZIEZY KATOWICE Z OKAZJI DNIA NIEPODLEGLOSCI"]
[Site "Centrum Kongresow i Rekreacji Orle Gniazdo ul. Wrzosowa 28a, Szczyrk"]
[Date "1899-12-30"]
[Round "4.43"]
[White "Bartoszewski-reiski, Olaf"]
[Black "Musiala, Jakub"]
[Result "1/2-1/2"]
[WhiteTitle "II"]
[BlackTitle "II+"]
[WhiteElo "1233"]
[BlackElo "1433"]

1. e4 c5 2. Nf3 e6 3. d4 cxd4 4. Nxd4 a6 5. Nc3 Qc7 6. Be3 b5 7. Bd3 Bb7 8. f3
d6 9. O-O Nd7 10. Rc1 Ngf6 11. Nce2 Be7 12. c4 b4 13. Qe1 O-O 14. Qxb4 Ne5 15.
Qd2 Rac8 16. b3 Nfd7 17. f4 Nxd3 18. Qxd3 Nc5 19. Qd2 Nxe4 20. Qc2 Nf6 21. f5
Be4 22. Qd2 e5 23. Nf3 Qd7 24. Nh4 Ng4 25. Bg5 Bxg5 26. Qxg5 Qa7+ 27. Kh1 Nf2+
28. Rxf2 Qxf2 29. Ng3 h6 30. Qg4 Bd3 31. Nh5 g5 32. Nf6+ Kg7 33. Nh5+ Kg8 34.
Nf3 f6 35. h4 Kh7 36. hxg5 fxg5 37. f6 Rf7 38. Rd1 Bc2 39. Rc1 Bd3 40. Rd1 Qe2
41. Rc1 Rcf8 42. Re1 Qf2 43. Rd1 Qe2 44. Re1 Qd2 45. Nxd2 1/2-1/2

[Event "TURNIEJ O PUCHAR UKS PALAC MLODZIEZY KATOWICE Z OKAZJI DNIA NIEPODLEGLOSCI"]
[Site "Centrum Kongresow i Rekreacji Orle Gniazdo ul. Wrzosowa 28a, Szczyrk"]
[Date "1899-12-30"]
[Round "4.44"]
[White "Rainer, Piotr"]
[Black "Kulec, Gabriela"]
[Result "1/2-1/2"]
[WhiteTitle "III"]
[BlackTitle "II"]
[WhiteElo "1198"]
[BlackElo "1370"]

1. e4 e5 2. Nf3 Nc6 3. d4 exd4 4. Nxd4 Qf6 5. Nxc6 Qxc6 6. Nc3 Bc5 7. Bd3 Nf6 8.
O-O d6 9. Re1 O-O 10. Be3 Bb6 11. Bxb6 axb6 12. Bb5 Qc5 13. a4 Qg5 14. Rf1 Bh3
15. g3 Bxf1 16. Qxf1 c6 17. Bd3 Rfe8 18. f4 Qh6 19. g4 Nxg4 20. Qg2 Qxf4 21. Ne2
Qe3+ 22. Kf1 Nf6 23. Re1 Nxe4 24. Nc3 Qxe1+ 25. Kxe1 Nxc3+ 26. Kd2 Nb1+ 27. Kd1
Rxa4 28. Qh3 h6 29. Qd7 Rf8 30. Qxb7 Rh4 31. c3 Rxh2 32. Bxb1 Re8 33. Qxc6 Rf8
34. Qxd6 Rh5 35. Qd3 g6 36. Qa6 Rd8+ 37. Kc2 Rh2+ 38. Kb3 Rb8 39. Qa7 Rf8 40.
Qxb6 Rh5 41. c4 Rh3+ 42. Kb4 Rf3 43. b3 Kg7 44. Be4 Rf6 45. Qc5 Rb8+ 46. Kc3 Rd8
47. Kb4 1/2-1/2

[Event "TURNIEJ O PUCHAR UKS PALAC MLODZIEZY KATOWICE Z OKAZJI DNIA NIEPODLEGLOSCI"]
[Site "Centrum Kongresow i Rekreacji Orle Gniazdo ul. Wrzosowa 28a, Szczyrk"]
[Date "1899-12-30"]
[Round "4.45"]
[White "Wolak, Kamil"]
[Black "Kazmierowski, Tymon"]
[Result "1-0"]
[WhiteTitle "II"]
[BlackTitle "II"]
[WhiteElo "1520"]
[BlackElo "1133"]

1. e4 c5 2. Nf3 d6 3. d4 cxd4 4. Nxd4 Nf6 5. Nc3 g6 6. Be3 Bg7 7. Qd2 O-O 8. O-O-O
Ng4 9. Kb1 Nxe3 10. fxe3 Bd7 11. h4 Nc6 12. Nxc6 bxc6 13. h5 Rb8 14. hxg6 fxg6
15. Bc4+ e6 16. b3 Qa5 17. Na4 Qxd2 18. Rxd2 c5 19. Nb2 a5 20. Rxd6 Be8 21. Bxe6+
Kh8 22. Bc4 a4 23. Nxa4 Bxa4 24. Rxg6 Be8 25. Rg3 Be5 26. Rgh3 Bg6 27. Rh6 Rb6
28. R6h4 Bf6 29. Rg4 Bf7 30. Bxf7 Rxf7 31. Rf4 Rbb7 32. Rhf1 Rb6 33. e5 Bxe5 34.
Rxf7 Kg8 35. R7f5 Bg7 36. Rxc5 Rd6 37. Rcf5 h6 38. e4 Kh7 39. e5 Re6 40. a4 Rxe5
41. Rxe5 Bxe5 42. a5 1-0

[Event "TURNIEJ O PUCHAR UKS PALAC MLODZIEZY KATOWICE Z OKAZJI DNIA NIEPODLEGLOSCI"]
[Site "Centrum Kongresow i Rekreacji Orle Gniazdo ul. Wrzosowa 28a, Szczyrk"]
[Date "1899-12-30"]
[Round "4.46"]
[White "Jeda, Maciej"]
[Black "Raclawicki, Kacper"]
[Result "0-1"]
[WhiteTitle "II"]
[BlackTitle "I"]
[WhiteElo "1137"]
[BlackElo "1619"]

1. e4 a6 2. Nf3 b5 3. d4 Bb7 4. Nc3 Nf6 5. e5 Nd5 6. Nxd5 Bxd5 7. Be3 e6 8. a4
b4 9. c4 bxc3 10. bxc3 d6 11. c4 Bxf3 12. Qxf3 c6 13. Be2 dxe5 14. dxe5 Qa5+ 15.
Bd2 Qxe5 16. O-O Bd6 17. Qg3 Qxg3 18. fxg3 Nd7 19. Bf3 Bc5+ 20. Kh1 Rc8 21. Bc3
O-O 22. Rad1 Nb6 23. Bd4 Bxd4 24. Rxd4 c5 25. Rf4 Rfd8 26. Bb7 Rc7 27. Bxa6 Nxa4
28. Bb5 Nc3 29. h3 Nxb5 30. cxb5 Rb8 31. Rb1 Rcb7 32. Rbf1 f6 33. Rc4 Rxb5 34.
Rfc1 Rc8 35. Kh2 e5 36. g4 h6 37. Kg3 Kf7 38. Kf3 Ke6 39. Ke4 g6 40. h4 f5+ 41.
gxf5+ gxf5+ 42. Ke3 Kd5 43. Kf3 Rb3+ 44. Ke2 e4 45. Kf2 f4 46. Ke2 Rb2+ 47. Kf1
h5 48. Kg1 Rb3 49. Kf2 Rb2+ 50. Kg1 Ke5 51. Kf1 Kd5 52. Kg1 Rc6 53. Kf1 Rb4 54.
R4c2 c4 55. Rd1+ Ke5 56. Rdc1 e3 57. Ke2 Ke4 58. Rc3 Kd4 59. g3 fxg3 60. Rxe3
c3 61. Rxg3 Rb2+ 62. Kd1 Rh2 63. Rg1 Rxh4 64. Rg2 Rh1+ 65. Kc2 Rxc1+ 66. Kxc1
Kd3 67. Rh2 Rc5 68. Rh3+ Ke4 69. Kc2 Kf4 70. Rh4+ Kg3 71. Ra4 h4 72. Ra8 h3 73.
Rg8+ Kh2 74. Rg7 Kh1 75. Rg8 h2 76. Rg7 Ra5 77. Kxc3 Ra2 78. Kd3 Rg2 79. Ra7 Kg1
80. Ra1+ Kf2 81. Ra2+ Kg3 82. Ra1 Rg1 0-1

[Event "TURNIEJ O PUCHAR UKS PALAC MLODZIEZY KATOWICE Z OKAZJI DNIA NIEPODLEGLOSCI"]
[Site "Centrum Kongresow i Rekreacji Orle Gniazdo ul. Wrzosowa 28a, Szczyrk"]
[Date "1899-12-30"]
[Round "4.48"]
[White "Klok, Kacper"]
[Black "Byra, Aron"]
[Result "0-1"]
[WhiteTitle "II"]
[BlackTitle "II"]
[WhiteElo "1489"]
[BlackElo "1135"]

1. f4 d5 2. c4 e6 3. cxd5 exd5 4. Nf3 Nf6 5. e3 Nc6 6. b3 d4 7. Bb5 dxe3 8. Bxc6+
bxc6 9. d3 Bb4+ 10. Kf1 Ba6 11. Ne5 Qd4 12. Qf3 O-O 13. Ke2 Qxa1 14. Bxe3 Qxa2+
15. Nd2 Bxd2 16. Bxd2 Qxb3 17. Qg3 Rfe8 18. f5 Nh5 19. Qe3 f6 0-1

[Event "TURNIEJ O PUCHAR UKS PALAC MLODZIEZY KATOWICE Z OKAZJI DNIA NIEPODLEGLOSCI"]
[Site "Centrum Kongresow i Rekreacji Orle Gniazdo ul. Wrzosowa 28a, Szczyrk"]
[Date "1899-12-30"]
[Round "4.49"]
[White "Wroblewski, Tymon"]
[Black "Ossolinska, Matylda"]
[Result "1/2-1/2"]
[WhiteTitle "III"]
[BlackTitle "I"]
[WhiteElo "1134"]
[BlackElo "1460"]

1. e4 e6 2. d4 d5 3. Nc3 dxe4 4. Nxe4 Nd7 5. Nf3 Ngf6 6. Nxf6+ Nxf6 7. Bg5 h6 8.
Bxf6 Qxf6 9. Bc4 Be7 10. O-O O-O 11. Qd2 b6 12. Rfe1 Bb7 13. Be2 Rfd8 14. c3 c5
15. a3 Rac8 16. b4 Bxf3 17. Bxf3 cxd4 18. cxd4 Rxd4 19. Qb2 Rcd8 20. h3 Qh4 21.
Rad1 Rxd1 22. Rxd1 Rxd1+ 23. Bxd1 Bf6 24. Qd2 Qd4 25. Qxd4 Bxd4 26. Kf1 Kf8 27.
Ke2 Ke7 28. f3 Kd6 29. Kd3 Bf6 30. a4 a5 31. Kc4 Kc6 32. b5+ Kd6 33. f4 Bh4 34.
Bc2 f5 35. Kd4 Bf2+ 36. Kd3 e5 37. fxe5+ Kxe5 38. Ke2 Bc5 39. Kf3 g5 40. g4 fxg4+
41. hxg4 Bd4 42. Ke2 Kf4 43. Bf5 h5 44. Kf1 hxg4 45. Bb1 Kf3 46. Ba2 g3 47. Bd5+
Kf4 48. Kg2 g4 49. Bb3 Bf2 50. Bd1 Kg5 51. Bb3 Kh4 52. Bd1 Bc5 53. Bb3 1/2-1/2

[Event "TURNIEJ O PUCHAR UKS PALAC MLODZIEZY KATOWICE Z OKAZJI DNIA NIEPODLEGLOSCI"]
[Site "Centrum Kongresow i Rekreacji Orle Gniazdo ul. Wrzosowa 28a, Szczyrk"]
[Date "1899-12-30"]
[Round "4.50"]
[White "Kotowicz, Kamil"]
[Black "Jakubowska, Urszula"]
[Result "0-1"]
[WhiteTitle "II"]
[BlackTitle "I"]
[WhiteElo "1123"]
[BlackElo "1450"]

1. c4 e5 2. Nc3 b6 3. Nf3 d6 4. g3 Bb7 5. Bg2 g5 6. h3 f5 7. d3 g4 8. hxg4 fxg4
9. Ng5 Bxg2 10. Ne6 Qe7 11. Rh2 Qxe6 12. Rxg2 Nd7 13. Nd5 O-O-O 14. Qa4 Kb7 15.
b4 Ne7 16. b5 Nc5 17. Qa3 Nxd5 18. cxd5 Qxd5 19. Rg1 Qd4 20. Bb2 Qa4 21. Qc3 Qxb5
22. a4 Nxa4 23. Qa3 Qa5+ 24. Qb3 0-1

[Event "TURNIEJ O PUCHAR UKS PALAC MLODZIEZY KATOWICE Z OKAZJI DNIA NIEPODLEGLOSCI"]
[Site "Centrum Kongresow i Rekreacji Orle Gniazdo ul. Wrzosowa 28a, Szczyrk"]
[Date "1899-12-30"]
[Round "4.51"]
[White "Olsztynski, Jan"]
[Black "Lewicka, Natalia"]
[Result "0-1"]
[WhiteTitle "III"]
[BlackTitle "II"]
[WhiteElo "1122"]
[BlackElo "1389"]

1. e4 e5 2. d4 exd4 3. Bc4 Nf6 4. e5 Qe7 5. Qe2 Ng8 6. Nf3 d6 7. Ng5 Be6 8. Bxe6
fxe6 9. exd6 cxd6 10. Qxe6 Qxe6+ 11. Nxe6 Nc6 12. Nc7+ Kd7 13. Nxa8 Nf6 14. c3
Be7 15. cxd4 Nxd4 16. Kd2 Ne4+ 17. Kd3 Nxf2+ 18. Kxd4 Nxh1 19. Ke3 Rxa8 20. Ke2
Rf8 21. Be3 h6 22. Nc3 b6 23. Rxh1 Re8 24. Rf1 Bg5 25. Rf3 Kc6 26. Kf2 Bf6 27.
g3 d5 28. Bd2 d4 29. Ne2 Rd8 0-1

[Event "TURNIEJ O PUCHAR UKS PALAC MLODZIEZY KATOWICE Z OKAZJI DNIA NIEPODLEGLOSCI"]
[Site "Centrum Kongresow i Rekreacji Orle Gniazdo ul. Wrzosowa 28a, Szczyrk"]
[Date "1899-12-30"]
[Round "4.52"]
[White "Zubrycka, Marta"]
[Black "Surpeta, Julia"]
[Result "0-1"]
[WhiteTitle "II"]
[BlackTitle "I"]
[WhiteElo "1108"]
[BlackElo "1349"]

1. e4 e5 2. Nf3 Nc6 3. Nc3 d6 4. d4 exd4 5. Nxd4 Nf6 6. Nxc6 bxc6 7. Bg5 Be7 8.
Bd3 Be6 9. O-O O-O 10. Qe2 h6 11. Bxf6 Bxf6 12. f4 Re8 13. Qf3 Qd7 14. h3 Rab8
15. Rab1 Bxc3 16. bxc3 Bxa2 17. Ra1 Rb2 18. Rfe1 a5 19. e5 Bd5 20. Qg3 Ra2 21.
Rab1 dxe5 22. fxe5 Kh8 23. c4 Be6 24. Qh4 Bf5 25. Bxf5 Qxf5 26. Qe4 Qxe4 27. Rxe4
Rxc2 28. Rb7 Re7 29. Ra7 Ra2 30. Kh2 a4 31. c5 a3 32. Re3 Ra1 33. Rexa3 Rxa3 34.
Rxa3 Rxe5 35. Ra7 Re7 36. Kg3 Kh7 37. Kf4 Kg6 38. g4 Kf6 39. Kg3 Ke5 40. Kf3 Kd5
41. Ra5 Kc4 42. Ra4+ Kb5 43. Rf4 Kxc5 44. Rf5+ Kd6 45. Kf4 c5 46. Kg3 c4 47. Rf1
c5 48. Rd1+ Kc6 49. Rc1 Re4 50. Kf3 Rd4 51. Kg3 Kd5 52. Kh4 g5+ 53. Kh5 Rd3 54.
Rh1 c3 55. Kxh6 c2 56. Rc1 Rxh3+ 57. Kxg5 Rh2 58. Kf6 Rg2 59. g5 c4 60. Kxf7 Rxg5
61. Rxc2 Re5 62. Rd2+ Kc5 63. Kf6 Rd5 64. Re2 c3 65. Rf2 Kb4 66. Rf4+ Kb3 67.
Rf1 Rd2 68. Rb1+ Rb2 69. Re1 c2 70. Ke5 Rb1 71. Rxb1+ cxb1=Q 72. Kd5 Qf5+ 73.
Kd4 Qe6 74. Kd3 Qe5 75. Kd2 Qe4 76. Kd1 Qg2 77. Kc1 Qc2# 0-1